Flying Type Pokemon - Statistics

General Stats
  • This quiz has been taken 1,780 times
    1,642 since last reset
  • The average score is 56 of 92
Answer Stats
Secondary Type Pokemon % Correct
Normal Pidgeot
96%
Normal Pidgey
96%
Bug Butterfree
95%
Fire Charizard
95%
Normal Pidgeotto
94%
Ice Articuno
92%
Fire Moltres
92%
Normal Fearow
91%
Normal Spearow
91%
Electric Zapdos
91%
Dragon Dragonite
87%
Poison Zubat
81%
Rock Aerodactyl
80%
Poison Golbat
80%
Normal Hoothoot
78%
Poison Crobat
77%
Fire Ho-oh
76%
Psychic Lugia
76%
Normal Noctowl
76%
Normal Staraptor
74%
Normal Starly
74%
Steel Skarmory
73%
Normal Staravia
73%
Water Gyarados
71%
Dark Murkrow
71%
Normal Swellow
71%
Dragon Salamence
69%
Normal Taillow
69%
Normal Doduo
68%
Bug Scyther
68%
Bug Beautifly
67%
Normal Dodrio
67%
Normal Farfetch'd
66%
Water Pelipper
66%
Water Wingull
66%
Psychic Natu
65%
Psychic Xatu
65%
Dark Honchkrow
64%
Grass Hoppip
64%
Grass Jumpluff
64%
Bug Ledian
64%
Bug Ledyba
64%
Dragon Rayquaza
64%
Grass Skiploom
64%
Ground Gligar
61%
Normal Pidove
61%
Fire Talonflame
60%
Dragon Altaria
59%
Ice Delibird
59%
Grass Tropius
59%
Normal Unfezant
59%
Ground Gliscor
58%
Water Mantine
56%
Fire Fletchinder
54%
Normal Fletchling
54%
Normal Tranquill
54%
Normal Swablu
53%
Ghost Drifblim
52%
Ghost Drifloon
52%
Electric Emolga
51%
Fighting Hawlucha
50%
Bug Yanma
50%
None Tornadus
48%
Dragon Noivern
47%
Dark Yveltal
47%
Water Mantyke
46%
Dragon Noibat
46%
Bug Yanmega
46%
Ground Landorus
45%
Electric Thundurus
45%
Bug Masquerain
44%
Bug Mothim
44%
Normal Togetic
44%
Rock Archeops
43%
Bug Ninjask
43%
Normal Braviary
42%
Rock Archen
41%
Water Swanna
41%
Normal Togekiss
41%
Bug Vespiquen
41%
Bug Combee
40%
Water Ducklett
40%
Dark Mandibuzz
40%
Dark Vullaby
39%
Normal Rufflet
38%
Psychic Swoobat
38%
Psychic Woobat
38%
Psychic Sigilyph
37%
Electric Rotom (Fan)
35%
Bug Vivillon
35%
Grass Shaymin (Sky)
32%
Normal Chatot
30%
No matching quizzes found
Score Distribution
Percent of People with Each Score
Percentile by Number Answered
Your Score History
You have not taken this quiz since the last reset